| 000 | 00339nam a22001337a 4500 | ||
|---|---|---|---|
| 020 | _a0-471-00959-8 | ||
| 082 | _a004.68 MAD'L | ||
| 100 |
_aMADRON, THOMAS W _967319 |
||
| 245 | _aLOCAL AREA NETWORK , NEW TECHNOLOGIES ENGINEERING STANDARDS | ||
| 250 | _a3RD | ||
| 260 |
_aNEWYORK _bJOHN WILEY _c1994 |
||
| 300 | _aXIII,386P | ||
| 942 | _cBK | ||
| 999 |
_c575128 _d575128 |
||